| 000 | 01095nam0a22002531 4500 | ||
|---|---|---|---|
| 001 | rc\575987 | ||
| 005 | 20260407104857.0 | ||
| 035 | _a(NLR Aleph) 005824030 | ||
| 090 |
_a5509938 _c5509938 |
||
| 100 | _a20031121d1988 |||y0rusy50 ca | ||
| 101 | 0 | _arus | |
| 102 | _aRU | ||
| 105 | _aa ||||||||| | ||
| 200 | 1 |
_aУчебное пособие по пожарной безопасности _e(Для студентов всех спец.) _fЧеляб. ин-т механизации и электрификации сел. хоз-ва _g[Сост. Горшков Ю.Г. и др.] |
|
| 210 |
_aЧелябинск _cЧИМЭСХ _d1988 |
||
| 215 |
_a34, [2] с. _cил. _d20 |
||
| 320 | _aБиблиогр.: с. 35 (8 назв.) | ||
| 702 | 1 |
_aГоршков _bЮ.Г. _gЮрий Германович _4220 |
|
| 712 | 0 | 2 |
_aЧелябинский институт механизации и электрификации сельского хозяйства _3RU\NLR\AUTH\889936002 _9366857 |
| 801 | 0 |
_aRU _bNLR _gpsbo |
|
| 801 | 1 |
_aRU _bELAR _2rusmarc |
|
| 852 |
_aNLR _j88-4/17560 |
||
| 942 | _cBOOK | ||
| 980 | _aNB | ||